| 000 | 00601nam a22001937a 4500 | ||
|---|---|---|---|
| 999 |
_c22479 _d22479 |
||
| 003 | AR-CdUCM | ||
| 008 | 190409b ||||| |||| 00| 0 spa d | ||
| 020 | _a9786124667923 | ||
| 040 |
_aMUNICIPALIDAD PROVINCIAL DEL CUSCO _cBIBLIOTECA MUNICIPAL DEL CUSCO |
||
| 082 |
_a869.56/G874D _bG874D |
||
| 100 |
_aGuerrero Peirano, Victoria _948292 |
||
| 245 |
_aDiario de una costurera proletaria / _cVGP/PGV |
||
| 260 |
_aLima : _bMáquina Purísima, _c2018. |
||
| 300 |
_a35 páginas. : _c25 cm. |
||
| 650 |
_aPoesías peruanas _948289 |
||
| 650 |
_aSiglo XX _948293 |
||
| 942 |
_2ddc _cLIBROS |
||
| 945 | _arac | ||